Catalog

Record Details

Catalog Search



Polaris  Cover Image Book Book

Polaris / Michael Northrop.

Northrop, Michael, (author.).

Summary:

"In the 1830s Owen Ward is cabin boy on the "Polaris," a ship on a voyage of scientific exploration, when illness and a mutiny off the coast of Brazil cause the adult crew to abandon the ship, leaving the handful of young cabin attendants and deckhands behind. The young seafarers are determined to bring their ship to safety, but when one of them disappears they begin to suspect that there is something deadly on board with them"-- Provided by publisher.

Record details

  • ISBN: 9780545297165
  • ISBN: 0545297168
  • ISBN: 9780545297172
  • ISBN: 0545297176
  • ISBN: 9781338230796
  • ISBN: 1338230794
  • Physical Description: 278 pages : map ; 22 cm.
  • Edition: First edition.
  • Publisher: New York : Scholastic Press, ©2017.
Subject: Seafaring life > Juvenile fiction.
Ships > Juvenile fiction.
Adventure and adventurers > Fiction.
Genre: Action and adventure fiction.
Sea fiction.

Available copies

  • 1 of 1 copy available at scottsboropl.

Holds

  • 0 current holds with 1 total copy.
Show Only Available Copies
Location Call Number / Copy Notes Barcode Shelving Location Status Due Date
scottsboropl JF Nor 32269001036329 Juvenile - Fiction Available -

LDR 01752nam a22004098i 4500
001144959
003CONS
00520180102094807.0
008170118s2017 nyub c 000 1 eng
010 . ‡a 2016059059
020 . ‡a9780545297165 ‡q(hardcover)
020 . ‡a0545297168 ‡q(hardcover)
020 . ‡a9780545297172 ‡q(paperback)
020 . ‡a0545297176 ‡q(paperback)
020 . ‡a9781338230796
020 . ‡a1338230794
035 . ‡a(CPomAG)LMN603012
042 . ‡alcac ‡apcc
05000. ‡aPZ7.N8185 ‡bPo 2017
08200. ‡a[Fic] ‡223
1001 . ‡aNorthrop, Michael, ‡eauthor.
24510. ‡aPolaris / ‡cMichael Northrop.
250 . ‡aFirst edition.
264 1. ‡aNew York : ‡bScholastic Press, ‡c©2017.
300 . ‡a278 pages : ‡bmap ; ‡c22 cm.
336 . ‡atext ‡btxt ‡2rdacontent
337 . ‡aunmediated ‡bn ‡2rdamedia
338 . ‡avolume ‡bnc ‡2rdacarrier
520 . ‡a"In the 1830s Owen Ward is cabin boy on the "Polaris," a ship on a voyage of scientific exploration, when illness and a mutiny off the coast of Brazil cause the adult crew to abandon the ship, leaving the handful of young cabin attendants and deckhands behind. The young seafarers are determined to bring their ship to safety, but when one of them disappears they begin to suspect that there is something deadly on board with them"-- ‡cProvided by publisher.
650 0. ‡aSeafaring life ‡vJuvenile fiction.
650 0. ‡aShips ‡vJuvenile fiction.
650 1. ‡aAdventure and adventurers ‡vFiction.
655 7. ‡aAction and adventure fiction. ‡2lcgft
655 7. ‡aSea fiction. ‡2lcgft
914 . ‡aSCP_kt
959 . ‡i32269001036329 ‡lJF Nor ‡aJuvenile - Fiction ‡tJuv Fiction ‡g17.00
852 . ‡p32269001036329 ‡jJF Nor ‡gJuvenile - Fiction ‡cJuv Fiction ‡y17.00 ‡bSBPL
901 . ‡a144959 ‡bUnknown ‡c144959 ‡tbiblio

Additional Resources